Normal view
MARC view
- Nalder,R.F.H
Entry Personal Name
001 - CONTROL NUMBER
- control field: 107812
003 - CONTROL NUMBER IDENTIFIER
- control field: NUST
005 - DATE AND TIME OF LATEST TRANSACTION
- control field: 20230126154704.0
008 - FIXED-LENGTH DATA ELEMENTS
- fixed length control field: 230126|| aca||aabn | a|a d
040 ## - CATALOGING SOURCE
- Original cataloging agency: NUST
- Transcribing agency: NUST
100 ## - HEADING--PERSONAL NAME
- Personal name: Nalder,R.F.H
670 ## - SOURCE DATA FOUND
- Source citation: Work cat.: (NUST)186221: Nalder,R.F.H, The History of British Army Signals in the Second World War /, 1953
